000 00996nas a2200289 4500
001 BR8806711
003 BR-BrBNA
005 20231205091343.0
007 ta
008 230509b bl.|||p| |||| 00| 00por d
040 _aBR-BrBNA
_bpor
_cBiblioteca Nacional de Agricultura
041 _a(Pt)
072 _aF30
100 1 _aOliveira, A.B.
100 1 _aSediyama, T.
100 1 _aSediyama, C.S.
100 1 _aReis, M.S.
100 1 _aSilva, J.C.
245 1 _aAvaliacao do teste de geracao precoce no desenvolvimento de genotipos de soja caracteristicas agronomicas especificas
_b(Parte de tese)
246 1 _aEarly generation test evaluation for developing soybean genotypes with spcific characteristics
_bPart of thesis
650 _aSOJA
650 _aGENOTIPO
650 _aCARACTERISTICAS AGRONOMICAS
773 0 _tRevista Ceres (Brazil)
_xISSN 0034-737X
_g(Nov-Dec 1987), v. 34(196) p. 598-618
_wBR8806711
909 _a202311
_bLúcia
_c55
_dLúcia Elande
942 _2AGRIS
_n0
_cANA
999 _c124526
_d124526